000 00705nam a2200289Ia 4500
005 20260324123619.0
008 008 260324s9999 xx 000 0 eng d
020 _a9780203805299
037 _aEBOOK
040 _aCRL
040 _beng
040 _cCRL
041 _2eng
041 _aeng
084 _qCRL
100 _aJonathan Berger; Gabe Turow
_91170979
245 0 _aMusic, Science, and the Rhythmic Brain
245 0 _bCultural and Clinical Implications
260 _bTaylor and Francis
260 _c2011
365 _a
365 _b240
856 _uhttp://www.taylorfrancis.com/books/9780203805299
942 _cEBOOK
999 _c1764661
_d1764661